Využitie LCA v rozhodovacom procese integrovaného odpadového hospodárstva

Bibliographic Details
Main Author: Škultétyová, Ivona, 1960- (Author)
Format: Book
Language:Slovak
PhysicalDescription:181 s. grafy, ilustr., tab. 29 cm
Published: V Bratislave Slovenská technická univerzita 2011
ISBN:9788022734677
Edition:[1. vyd.]
Series:Edícia vedeckých prác zoš. 99
Subjects:

MARC

LEADER 00000cam a2200000 a 4500
001 vtls010285449
003 SK-MaSNL
005 20260302011814.0
008 251124s2011 xo dal g b 000 0dslo
015 |a SNBA2011/08-04456 
020 |a 9788022734677  |q (brož.) 
035 |a EC13D0C4-8C09-4603-8856-8CE66097C152 
035 |a urn:nbn:sk:snk-amycrt 
035 |a urn:nbn:sk:snk-am00ci22 
040 |a SNK  |b slo  |c SNK  |e AACR2 
041 0 |a slo  |b eng 
044 |a xo  |c SK 
072 7 |a 628  |x Sanitárna technika. Vodárenstvo. Odpadové hospodárstvo. Svetelná technika  |2 konspekt 
072 7 |a 502  |x Životné prostredie a jeho ochrana  |2 konspekt 
080 |a 628.3/.5  |2 2001 
080 |a 628.477.6  |2 2001 
080 |a 628.463  |2 2001 
080 |a 628.32  |2 2001 
080 |a 502.173  |2 2001 
080 |a (043.5)  |2 2001 
100 1 |a Škultétyová, Ivona,  |d 1960-  |4 aut  |9 206912 
245 1 0 |a Využitie LCA v rozhodovacom procese integrovaného odpadového hospodárstva  |c Ivona Škultétyová 
250 |a [1. vyd.] 
260 |a V Bratislave  |b Slovenská technická univerzita  |c 2011 
300 |a 181 s.  |b grafy, ilustr., tab.  |c 29 cm 
490 1 |a Edícia vedeckých prác  |v zoš. 99 
500 |a Biogr. údaje 
504 |a Bibliogr. s. 173-181. Bibliogr. odkazy 
546 |a Res. angl. 
650 0 7 |a odpadové hospodárstvo  |2 SNKPH  |9 3603 
650 0 7 |a recyklácia odpadu  |2 SNKPH  |9 29450 
650 0 7 |a čistiarne odpadových vôd  |2 SNKPH  |9 18336 
650 0 7 |a integrovaná prevencia a zamedzovanie znečistenia  |2 SNKPH  |9 142077 
650 0 7 |a Waste management  |2 SNKPHeng  |9 267224 
650 0 7 |a Waste recycling  |2 SNKPHeng  |9 314656 
650 0 7 |a Sewage disposal plants  |2 SNKPHeng  |9 322294 
650 0 7 |a Integrated pollution prevention and control  |2 SNKPHeng  |9 425751 
655 7 |a habilitačné práce  |2 SNKPH  |9 70777 
655 7 |a Habilitation theses  |2 SNKPheng  |9 316692 
810 2 |a Slovenská technická univerzita v Bratislave.  |b Stavebná fakulta  |t Edícia vedeckých prác  |9 184598 
852 |a Štátna vedecká knižnica v Banskej Bystrici 
919 |a 978-80-227-3467-7 
958 |a NB 
968 |d 62 
999 |c 1007444  |d 1009374 
952 |a SNK  |b SNK  |y PREZ  |7 0  |p 17A0705032  |o snkSB 81623  |i snk2011/13507  |8 0  |0 0  |1 0  |4 0  |d 2011-06-13  |f 1  |l 0  |r 2025-05-05 00:00:00  |w 2026-02-24 
952 |a SNK  |b SNK  |y VYP  |7 0  |p 17A0705033  |o snkSB 81623 D1  |i snk2011/13508  |8 0  |0 0  |1 0  |4 0  |d 2011-06-13  |l 0  |r 2016-06-30 00:00:00  |w 2026-02-24